[Event "Schleswig Holstein-ch Kandidatenklasse"]
[Site "Ratzeburg"]
[Date "2017.04.13"]
[Round "9.3"]
[White "Henne, Jochen"]
[Black "Farokhi, Keyvan"]
[Result "1-0"]
[WhiteElo "1848"]
[BlackElo "1647"]
[PlyCount "109"]
[EventDate "2017.04.13"]
[EventType "swiss"]
[EventRounds "9"]
[EventCountry "GER"]
[SourceTitle "EXT 2022"]
[Source "ChessBase"]
[SourceDate "2021.10.06"]
[SourceVersion "1"]
[SourceVersionDate "2021.10.06"]
[SourceQuality "1"]

1. e4 c5 2. Nc3 Nc6 3. Bb5 Nd4 4. Bc4 e6 5. Nf3 Nf6 6. 0-0 d5 7. exd5 Nxd5 8. Ne4 Nb6 9. Nxd4 Nxc4 10. Nb3 Qc7 11. Qg4 e5 12. Nf6+ gxf6 13. Qxc4 Be6 14. Qc3 Bh6 15. Nxc5 Bd5 16. Ne4 Qb6 17. d3 Bxc1 18. Raxc1 Rg8 19. Rfe1 Kd7 20. Qc5 Bxe4 21. Qxb6 Rxg2+ 22. Kf1 axb6 23. Rxe4 Rxh2 24. Ke2 Rxa2 25. Rb4 b5 26. Rxb5 Kc6 27. Rb3 Ra4 28. c4 Ra8 29. Rg1 h5 30. Rg7 Rf8 31. Rh7 f5 32. Rb5 f6 33. Rhxb7 Kd6 34. b4 e4 35. d4 Rc8 36. R5b6+ Rc6 37. c5+ Kd5 38. Rd7+ Ke6 39. Rxc6+ Kxd7 40. Rxf6 Rh1 41. Rxf5 h4 42. b5 h3 43. Rh5 h2 44. b6 Kc6 45. Rh6+ Kb7 46. Rh7+ Kc6 47. b7 Rb1 48. Rxh2 Rxb7 49. Rh6+ Kd5 50. Rd6+ Kc4 51. c6 Rc7 52. d5 Kc5 53. Rd7 Rc8 54. c7 Kb6 55. d6 1-0

[Event "Schleswig Holstein-ch Kandidatenklasse"]
[Site "Ratzeburg"]
[Date "2017.04.13"]
[Round "3.5"]
[White "Henne, Jochen"]
[Black "Haversick, Axel"]
[Result "1/2-1/2"]
[WhiteElo "1848"]
[BlackElo "1758"]
[PlyCount "37"]
[EventDate "2017.04.13"]
[EventType "swiss"]
[EventRounds "9"]
[EventCountry "GER"]
[SourceTitle "EXT 2022"]
[Source "ChessBase"]
[SourceDate "2021.10.06"]
[SourceVersion "1"]
[SourceVersionDate "2021.10.06"]
[SourceQuality "1"]

1. e4 Nf6 2. e5 Nd5 3. d4 d6 4. Nf3 Bf5 5. a3 e6 6. c4 Nb6 7. Nc3 Nc6 8. Be3 Be7 9. Be2 0-0 10. b4 dxe5 11. dxe5 Qxd1+ 12. Rxd1 Rad8 13. 0-0 Bc2 14. Rc1 Bd3 15. Bxb6 axb6 16. Rfd1 Bxe2 17. Nxe2 Rxd1+ 18. Rxd1 Ra8 19. Nc3 1/2-1/2

[Event "Schleswig Holstein-ch Kandidatenklasse"]
[Site "Ratzeburg"]
[Date "2017.04.13"]
[Round "7.2"]
[White "Henne, Jochen"]
[Black "Jacobsen, Uwe"]
[Result "1-0"]
[WhiteElo "1848"]
[BlackElo "1901"]
[PlyCount "103"]
[EventDate "2017.04.13"]
[EventType "swiss"]
[EventRounds "9"]
[EventCountry "GER"]
[SourceTitle "EXT 2022"]
[Source "ChessBase"]
[SourceDate "2021.10.06"]
[SourceVersion "1"]
[SourceVersionDate "2021.10.06"]
[SourceQuality "1"]

1. e4 e5 2. Nf3 Nc6 3. d4 exd4 4. Nxd4 Bc5 5. Nf3 Qf6 6. Nc3 Nge7 7. Bc4 0-0 8. 0-0 Ne5 9. Nxe5 Qxe5 10. Kh1 a6 11. Bb3 d6 12. f4 Qd4 13. Qf3 Be6 14. Ne2 Qf6 15. Bd2 Nc6 16. Bc3 Qe7 17. f5 Bxb3 18. f6 Qe6 19. Nf4 Ne5 20. Nxe6 Nxf3 21. Nxf8 Nd4 22. axb3 Nxc2 23. Rac1 Ne3 24. fxg7 Nxf1 25. Rxf1 Rd8 26. Nxh7 Kxh7 27. Rxf7 Kg8 28. Rxc7 b6 29. b4 Be3 30. g3 Bg5 31. Kg2 a5 32. bxa5 bxa5 33. h4 Bh6 34. Kf3 a4 35. Kg4 Be3 36. Kh5 d5 37. exd5 Rxd5+ 38. Kg4 Rd8 39. Kf3 Re8 40. g4 Bb6 41. Rb7 Bc5 42. h5 a3 43. Kf4 a2 44. b4 Be3+ 45. Kf5 Bd2 46. Ba1 Kh7 47. Ra7 Bxb4 48. Rxa2 Rd8 49. Be5 Bc5 50. g5 Be3 51. Ra6 Kg8 52. Rh6 1-0

[Event "Schleswig Holstein-ch VM"]
[Site "Eckernfoerde"]
[Date "2016.03.20"]
[Round "2"]
[White "Jeschke, Holger"]
[Black "Henne, Jochen"]
[Result "1-0"]
[WhiteElo "1843"]
[BlackElo "1893"]
[PlyCount "69"]
[EventDate "2016.03.19"]
[EventType "swiss"]
[EventRounds "9"]
[EventCountry "GER"]
[SourceTitle "EXT 2018"]
[Source "ChessBase"]
[SourceDate "2017.10.13"]
[SourceVersion "1"]
[SourceVersionDate "2017.10.13"]
[SourceQuality "1"]

1. b4 e5 2. Bb2 d6 3. e3 Nf6 4. Nf3 Be7 5. c4 e4 6. Nd4 c5 7. bxc5 dxc5 8. Ne2 Bf5 9. Ng3 Bg6 10. Be2 Nc6 11. a3 0-0 12. 0-0 Re8 13. f4 exf3 14. Rxf3 Qd7 15. Qf1 Bd8 16. Nf5 Ne5 17. Rf4 Bh5 18. d4 Bxe2 19. Qxe2 cxd4 20. Bxd4 Nc6 21. Bc3 Bc7 22. Rf1 Be5 23. Qb2 Bxc3 24. Nxc3 Ne5 25. Rad1 Qc7 26. Nd5 Nxd5 27. cxd5 f6 28. d6 Qb6 29. Qa2+ Kf8 30. Kh1 Red8 31. Qe6 Rd7 32. Nxg7 Rxg7 33. Rxf6+ Nf7 34. Rdf1 Kg8 35. Rxf7 1-0

[Event "Schleswig Holstein-ch Seniors"]
[Site "Hanerau"]
[Date "2015.04.03"]
[Round "9"]
[White "Henne, Jochen"]
[Black "Ruiz Hampel, Enrique"]
[Result "1-0"]
[WhiteElo "1878"]
[BlackElo "2011"]
[PlyCount "79"]
[EventDate "2015.03.28"]
[EventType "swiss"]
[EventRounds "9"]
[EventCountry "GER"]
[SourceTitle "EXT 2018"]
[Source "ChessBase"]
[SourceDate "2017.10.13"]
[SourceVersion "1"]
[SourceVersionDate "2017.10.13"]
[SourceQuality "1"]

1. d4 e6 2. Bf4 Nf6 3. e3 b6 4. Nf3 Bb7 5. Be2 Be7 6. h3 a5 7. c4 Bb4+ 8. Nbd2 Ne4 9. 0-0 Nxd2 10. Nxd2 g5 11. Bh2 0-0 12. a3 Be7 13. Rc1 d6 14. a4 Nd7 15. Bf3 c6 16. Ne4 Nb8 17. Qb3 Na6 18. c5 dxc5 19. dxc5 Nb4 20. Rfd1 Nd5 21. Nd6 Ba6 22. e4 bxc5 23. exd5 cxd5 24. Nb5 Qd7 25. Nc3 c4 26. Qb6 Ra7 27. Nxd5 exd5 28. Rxd5 Bd8 29. Qh6 Qe6 30. Qxe6 fxe6 31. Rd6 Kf7 32. Rc6 Bf6 33. Bd6 Rd8 34. Bc5 Bxb2 35. Bxa7 Bxc1 36. Rxa6 c3 37. Rc6 Bd2 38. Kf1 Rd7 39. Bb6 Rb7 40. Ke2 1-0

[Event "Schleswig Holstein-ch Seniors"]
[Site "Hanerau"]
[Date "2015.04.01"]
[Round "6"]
[White "Henne, Jochen"]
[Black "Jacobsen, Uwe"]
[Result "1-0"]
[WhiteElo "1878"]
[BlackElo "1940"]
[PlyCount "41"]
[EventDate "2015.03.28"]
[EventType "swiss"]
[EventRounds "9"]
[EventCountry "GER"]
[SourceTitle "EXT 2018"]
[Source "ChessBase"]
[SourceDate "2017.10.13"]
[SourceVersion "1"]
[SourceVersionDate "2017.10.13"]
[SourceQuality "1"]

1. e4 e5 2. f4 d6 3. Nf3 Nc6 4. Bb5 Bd7 5. d3 Qe7 6. 0-0 Nf6 7. Nc3 g6 8. fxe5 dxe5 9. Bg5 Bg7 10. Nd2 0-0 11. Nb3 Qd6 12. Qf3 Ng4 13. Bc4 Kh8 14. Nb5 Nd4 15. Nxd6 Nxf3+ 16. gxf3 Nxh2 17. Kxh2 cxd6 18. Be7 Rfe8 19. Bxd6 f5 20. Bd5 Rad8 21. Bf7 1-0

[Event "Schleswig Holstein-ch Seniors"]
[Site "Hanerau"]
[Date "2015.04.01"]
[Round "7"]
[White "Henne, Jochen"]
[Black "Mieck, Jale"]
[Result "0-1"]
[WhiteElo "1878"]
[BlackElo "1859"]
[PlyCount "66"]
[EventDate "2015.03.28"]
[EventType "swiss"]
[EventRounds "9"]
[EventCountry "GER"]
[SourceTitle "EXT 2018"]
[Source "ChessBase"]
[SourceDate "2017.10.13"]
[SourceVersion "1"]
[SourceVersionDate "2017.10.13"]
[SourceQuality "1"]

1. e4 c5 2. Nc3 a6 3. g3 b5 4. Bg2 Bb7 5. d3 e6 6. Nh3 d5 7. 0-0 Nf6 8. Bg5 d4 9. Bxf6 gxf6 10. Ne2 h5 11. c3 Nc6 12. cxd4 Nxd4 13. Nxd4 Qxd4 14. Nf4 Qxb2 15. Nxh5 Qe5 16. Nf4 Rd8 17. Qc2 Bd6 18. Rac1 Ke7 19. Rfd1 Rc8 20. Rd2 Rhd8 21. Qd1 f5 22. Qe2 fxe4 23. Bxe4 Bxe4 24. dxe4 c4 25. Kg2 Bc5 26. Rxd8 Rxd8 27. Kf3 Qd4 28. h4 c3 29. Rc2 Bd6 30. g4 Qf6 31. e5 Bxe5 32. Qe4 Bxf4 33. Qxf4 Rd3+ 0-1

[Event "Schleswig Holstein-ch Seniors"]
[Site "Hanerau"]
[Date "2015.03.29"]
[Round "2"]
[White "Teknis, Joannis"]
[Black "Henne, Jochen"]
[Result "1/2-1/2"]
[WhiteElo "1908"]
[BlackElo "1878"]
[PlyCount "61"]
[EventDate "2015.03.28"]
[EventType "swiss"]
[EventRounds "9"]
[EventCountry "GER"]
[SourceTitle "EXT 2018"]
[Source "ChessBase"]
[SourceDate "2017.10.13"]
[SourceVersion "1"]
[SourceVersionDate "2017.10.13"]
[SourceQuality "1"]

1. e4 e6 2. d4 d5 3. e5 c5 4. c3 Nc6 5. Nf3 Qb6 6. a3 a5 7. Bd3 Bd7 8. Bc2 Nh6 9. 0-0 cxd4 10. cxd4 Nf5 11. Bxf5 exf5 12. Nc3 Be6 13. Qa4 Be7 14. b4 0-0 15. b5 Na7 16. Qb3 Rfd8 17. a4 Rac8 18. Ba3 Bxa3 19. Qxa3 Rc4 20. Rac1 Rdc8 21. Rc2 h6 22. h4 Qd8 23. Rfc1 g5 24. hxg5 hxg5 25. Qd6 g4 26. Qxd8+ Rxd8 27. Nd2 Rxd4 28. Nb3 Rb4 29. Nxa5 Rd7 30. Rb1 Rxb1+ 31. Nxb1 1/2-1/2

[Event "Schleswig Holstein-ch Seniors"]
[Site "Leck"]
[Date "2014.??.??"]
[Round "6"]
[White "Bahr, Torsten"]
[Black "Henne, Jochen"]
[Result "1/2-1/2"]
[WhiteElo "1935"]
[BlackElo "1906"]
[PlyCount "91"]
[EventDate "2014.04.12"]
[EventType "swiss"]
[EventRounds "9"]
[EventCountry "GER"]
[SourceTitle "EXT 2018"]
[Source "ChessBase"]
[SourceDate "2017.10.13"]
[SourceVersion "1"]
[SourceVersionDate "2017.10.13"]
[SourceQuality "1"]

1. d4 d5 2. Nf3 Nf6 3. Bg5 c6 4. e3 Qb6 5. Nbd2 Qxb2 6. Bd3 Qa3 7. 0-0 Bg4 8. Qb1 b5 9. Ne5 Bd7 10. Ndf3 e6 11. c3 h6 12. Bh4 Bd6 13. Qc2 Na6 14. Rab1 Nc7 15. Rfe1 Be7 16. Bg3 Qa5 17. Nd2 0-0 18. Bh4 Rfd8 19. f4 Be8 20. g4 Kf8 21. Ndf3 Ng8 22. g5 Rdc8 23. Rf1 Na6 24. f5 hxg5 25. Nxg5 Bxg5 26. Bxg5 f6 27. Ng6+ Bxg6 28. fxg6 Ke7 29. Bf4 Nc7 30. h4 Ne8 31. Rbc1 Nd6 32. Qh2 Rd8 33. h5 Qa3 34. Rc2 Rac8 35. Qh4 c5 36. h6 Nxh6 37. Bxh6 Rh8 38. Rxf6 gxf6 39. g7 Rhg8 40. Rf2 Qxc3 41. Qxf6+ Kd7 42. Bh7 Qb4 43. Bxg8 Rxg8 44. Qf8 Qb1+ 45. Rf1 Qg6+ 46. Kf2 1/2-1/2

[Event "Schleswig Holstein-ch Vormeister"]
[Site "Schleswig Holstein"]
[Date "2012.??.??"]
[Round "6"]
[White "Henne, Jochen"]
[Black "Freter, Anke"]
[Result "0-1"]
[WhiteElo "1887"]
[BlackElo "1915"]
[PlyCount "46"]
[EventDate "2012.??.??"]
[EventType "swiss"]
[EventRounds "9"]
[EventCountry "GER"]
[SourceTitle "EXT 2022"]
[Source "ChessBase"]
[SourceDate "2021.10.06"]
[SourceVersion "1"]
[SourceVersionDate "2021.10.06"]
[SourceQuality "1"]

1. e4 c5 2. Nc3 Nc6 3. Bb5 Nd4 4. Bc4 e6 5. Nge2 a6 6. a4 g6 7. 0-0 Bg7 8. d3 Ne7 9. Nxd4 cxd4 10. Ne2 Nc6 11. Qe1 0-0 12. Bf4 d5 13. Bb3 dxe4 14. dxe4 Na5 15. Ba2 Qb6 16. b4 Nc6 17. Bd6 Rd8 18. Bc5 Qc7 19. a5 Nxa5 20. Rd1 Nc6 21. c3 dxc3 22. Rxd8+ Qxd8 23. Nxc3 b6 0-1

[Event "Schleswig Holstein-ch Vormeister"]
[Site "Schleswig Holstein"]
[Date "2012.??.??"]
[Round "8"]
[White "Lehr, Thomas"]
[Black "Henne, Jochen"]
[Result "1/2-1/2"]
[WhiteElo "1992"]
[BlackElo "1887"]
[PlyCount "34"]
[EventDate "2012.??.??"]
[EventType "swiss"]
[EventRounds "9"]
[EventCountry "GER"]
[SourceTitle "EXT 2022"]
[Source "ChessBase"]
[SourceDate "2021.10.06"]
[SourceVersion "1"]
[SourceVersionDate "2021.10.06"]
[SourceQuality "1"]

1. c4 c5 2. Nc3 Nc6 3. g3 g6 4. Bg2 Bg7 5. d3 e6 6. e4 d6 7. Nge2 Nge7 8. Be3 0-0 9. Qd2 Nd4 10. Rb1 Nec6 11. f4 Rb8 12. 0-0 Bd7 13. g4 a6 14. Bh3 b5 15. b3 bxc4 16. dxc4 f5 17. exf5 exf5 1/2-1/2